| 000 | 00808nam a22002537a 4500 | ||
|---|---|---|---|
| 999 |
_c20097 _d20097 |
||
| 005 | 20180803170443.0 | ||
| 008 | 180309b2017 ck ||||| |||| 00| 0 spa d | ||
| 020 | _a9789589916995 | ||
| 040 |
_aCO-BoIAVH _cCO-BoIAVH |
||
| 041 | _aspa | ||
| 044 | _ack | ||
| 082 |
_a577.1 _bD54m |
||
| 100 |
_aDíaz Merlano, Juan Manuel _eautor |
||
| 245 | 1 | 0 |
_aMicroecosistemas de Colombia: _bbiodiversidad en detalle |
| 260 |
_aCali: _bBanco de Ociidente, _c2017. |
||
| 300 |
_a208 páginas _c24 x 33 |
||
| 650 | 1 | 4 |
_aMicroescosistemas _xTerrestres |
| 650 | 1 | 4 |
_aSistemas _xAgua dulce |
| 650 | 1 | 4 |
_aRecursos naturales _xConservación |
| 650 | 1 | 4 |
_aBiodiversidad _xDistribucción |
| 650 | 1 | 4 | _aEcosistemas marinos |
| 650 | 1 | 4 | _aRegiones naturales |
| 942 |
_2ddc _cLIBRO |
||